| 000 | 01086nam a22003257a 4500 | ||
|---|---|---|---|
| 003 | CHAP | ||
| 005 | 20220329135532.0 | ||
| 008 | 971013s1975 r 00010 d | ||
| 010 | _a38144 | ||
| 011 | _a39116 | ||
| 035 | _a43236 | ||
| 040 | _cCHAP | ||
| 082 |
_a631.4016 _bM5 |
||
| 100 | 0 | 0 |
_aMiska, John P. _976183 |
| 245 |
_aSolonetz soils of the world _b: a bibliography |
||
| 260 |
_aSlough, England : _bCommonwealth Agricultural Bureaux, _c1975 |
||
| 300 | _a135 p | ||
| 490 |
_aCommonwealth Bureau of Solis. Special publication _v; 2 |
||
| 590 |
_aBATCH-UPD _b10 _c20130110 _lUCH01 _h0042 |
||
| 590 |
_aBATCH-UPD _b10 _c20130110 _lUCH01 _h2116 |
||
| 590 |
_aBATCH-UPD _b10 _c20130409 _lUCH01 _h2027 |
||
| 590 |
_aBATCH-UPD _b10 _c20130914 _lUCH01 _h1820 |
||
| 590 |
_aCONVERSION _b10 _c20130109 _lUCH01 _h1321 |
||
| 650 | 1 | 4 |
_aSuelos de solonetz. _9110544 |
| 650 | 1 | 4 |
_aSuelos _xBibliografía. _9110217 |
| 830 | 0 |
_aCommonwealth Bureau of Solis. Special publication _v; 2 _925998 |
|
| 901 | _aBK | ||
| 942 | _cLIBRO | ||
| 949 |
_a631.4016 M5 _bBC _cC _d33724000121257 _eC _h40621 _i43236 _si |
||
| 999 |
_c38144 _d38144 |
||